000 00441nam a2200193Ia 4500
005 20240823061813.0
008 240823s9999||||xx |||||||||||||| ||und||
020 _a93-82241-72-8
041 _aENGLISH
082 _A822.6 Q7
100 _aSheridan R B
245 4 _aThe School for Scandal
250 _a1st
260 _c2017
_bManimekala Publishing
500 _aYES
650 _aStory
_bEnglish
942 _cBK
999 _c234396
_d234396